[Event "NOR-ch Youth 2019"]
[Site "Skien"]
[Date "2019.11.08"]
[Round "1.1"]
[White "Vestby-Ellingsen, Mads"]
[Black "Hestvik, Elias"]
[Result "1-0"]
[WhiteElo "2351"]
[BlackElo "1784"]
[Annotator "TA"]
[PlyCount "85"]
[EventDate "2019.11.08"]
[EventType "swiss"]
[EventCountry "NOR"]
[SourceTitle "playchess.com"]
[Source "ChessBase"]
[SourceQuality "1"]

{[%evp 22,85,45,39,52,48,75,58,54,45,56,37,37,45,40,35,33,37,30,30,41,41,41,41,40,41,41,41,43,29,23,22,26,26,23,17,13,10,17,21,49,50,65,0,0,0,0,0,65,0,0,0,0,-14,0,-7,-22,-10,0,-8,279,279,279,279,1262,1179]} 1. e4 c5 2. Nf3 Nc6 3. d4 cxd4 4. Nxd4 g6 5. c4 Bg7 6. Be3 Nf6 7. Nc3 Ng4 8. Qxg4 Nxd4 9. Qd1 Ne6 10. Qd2 Qa5 11. Rc1 d6 12. Be2 O-O {B39: Sicilian: Maroczy Bind with 5...Bg7 and 7...Ng4} (12... Nc5 13. f3 Be6 14. b3 O-O 15. Nd5 Qxd2+ 16. Kxd2 Bxd5 17. cxd5 a5 18. Bxc5 dxc5 19. Rxc5 Rfc8 20. Rc4 {1-0 (40) Andreikin,D (2700)-Popov,I (2609) Tyumen 2012}) 13. O-O Bd7 14. b3 Rfe8 {White is slightly better.} 15. Rfd1 Rac8 $146 ({Predecessor:} 15... Bc6 16. Nd5 Qxd2 17. Rxd2 Kf8 18. Bg4 Rec8 19. Rcd1 {1-0 (63) Helis,T (2234)-Fargac,M (2056) Karvina 2012}) 16. Nd5 Qxd2 17. Rxd2 b6 18. h4 h5 19. f3 Nc7 20. Kf2 f5 21. Nxc7 Rxc7 22. exf5 Bxf5 23. Bd3 Rf8 24. Rcd1 Bc3 25. Bxf5 (25. Re2 {seems wilder.} Kg7 26. g3 Bh3 27. a3 Bd7 28. Be4) 25... Rxf5 26. Rd5 Rxd5 27. Rxd5 $11 {[%mdl 4096] Endgame KRB-KRB} Kf7 28. g4 Bf6 29. Kg3 hxg4 30. fxg4 Be5+ 31. Kf3 Rc8 32. h5 (32. Rd1 $14) 32... gxh5 33. gxh5 Rg8 34. Rd2 Kf6 ({Better is} 34... Rg3+ $11 35. Ke4 Ke6) 35. Ke4 ({White should play} 35. Rg2 $1 $14 Rxg2 36. Kxg2) 35... Ke6 36. a4 {[%cal Ba2a4,Ba4a5][%mdl 32]} Rg4+ 37. Kf3 Rg3+ 38. Kf2 Rh3 39. h6 Bf6 40. a5 Rxe3 $2 {[%mdl 8192]} (40... bxa5 $11 {and Black is okay.} 41. Rd5 Bc3) 41. Kxe3 $18 Bg5+ {[#]} 42. Kd3 $1 Bxd2 $2 (42... Bxh6 43. axb6 axb6) 43. h7 {Accuracy: White = 63%, Black = 42%.} ({Inferior is} 43. Kxd2 Kf6 $15) 1-0

[Event "NOR-ch Youth 2019"]
[Site "Skien"]
[Date "2019.11.08"]
[Round "1.2"]
[White "Holm, Karl Oskar Magnus"]
[Black "Risting, Eivind Olav"]
[Result "0-1"]
[WhiteElo "1751"]
[BlackElo "2298"]
[Annotator "TA"]
[PlyCount "52"]
[EventDate "2019.11.08"]
[EventType "swiss"]
[EventCountry "NOR"]
[SourceTitle "playchess.com"]
[Source "ChessBase"]
[SourceQuality "1"]

{[%evp 23,54,-43,-16,-160,-178,-174,-172,-169,-173,-264,-281,-252,-137,-233,0,-3,10,0,118,0,0,-134,-127,-402,-385,-410,-345,-623,-611,-777,-778,-1649,-1668]} 1. d4 Nf6 2. c4 c5 3. d5 b5 4. cxb5 a6 5. e3 Bb7 6. Nc3 axb5 7. Bxb5 Qa5 8. Bd2 Qb6 9. Qb3 e6 10. e4 Nxe4 11. Nxe4 Bxd5 12. Qd3 f5 13. f3 {A57: Benko/Volga Gambit} (13. Ng3 $1 $11 c4 14. Bxc4 Qxb2 15. Rd1 Bxg2 16. Nf3) (13. Ng3 Bxg2 14. N1e2 Bxh1 15. Nxh1 Be7 16. Bc3 O-O 17. Bxd7 Rd8 18. Qg3 Bf8 19. Nf4 Rxd7 20. Nh5 Qb7 21. f3 Rd3 22. Qe5 Qf7 23. Nf4 Rxf3 24. Nxe6 Nc6 25. Qe2 Rxc3 26. Ng5 Qg6 27. bxc3 Re8 {0-1 (27) Zhai,M (2365)-Shankland,S (2725) chess.com INT 2019}) 13... fxe4 $17 14. fxe4 Bc6 15. Bxc6 {Black is clearly better.} Nxc6 16. Bc3 (16. Nf3 $142) 16... Nb4 $19 17. Qe2 Rxa2 (17... c4 $1 $19 18. Nf3 Nd3+ 19. Kd1 Bb4 20. Bxg7 Rg8) 18. Rd1 {[#]} (18. Rxa2 $17 Nxa2 19. Be5) 18... Qa6 $2 ({Better is} 18... c4 $1 $19 {[%mdl 512] ...Nd3+ is the strong threat.} 19. Qxc4 Qe3+ 20. Qe2 Nc2+ 21. Kf1 Bc5 22. Bxg7 Qf4+ 23. Qf3 Qxf3+ 24. Nxf3 Rg8) 19. Qd2 $146 {[%csl Gd1][%cal Rd2d7]} ({Predecessor:} 19. Nf3 Qxe2+ 20. Kxe2 d5 21. exd5 exd5 {1-0 (32) Gervais,V (2225)-Brown,R (2150) Scotland 1995}) 19... Qb7 {aiming for ...c4.} 20. Ne2 {Black should prevent 0-0.} Ra7 (20... c4 $11 21. O-O Nd3) 21. Ng3 (21. O-O $16) 21... Qb5 22. Kf2 (22. Ne2 $11) 22... c4 $36 {[%mdl 2048] Black is on the roll.} 23. Rhe1 $2 {[%mdl 8192]} (23. Rhf1 $17) 23... Nd3+ $19 24. Kf1 Nxe1 25. Rxe1 $2 (25. Kxe1 Bc5 26. Bxg7) 25... Bc5 {Black is clearly winning.} 26. Qf4 {[#]} d6 {Played: Rh8-f8} 0-1

[Event "NOR-ch Youth 2019"]
[Site "Skien"]
[Date "2019.11.08"]
[Round "1.3"]
[White "Lund, Gunnar"]
[Black "Gaure, Sigurd Lauvas"]
[Result "1-0"]
[WhiteElo "2274"]
[BlackElo "1648"]
[Annotator "TA"]
[PlyCount "57"]
[EventDate "2019.11.08"]
[EventType "swiss"]
[EventCountry "NOR"]
[SourceTitle "playchess.com"]
[Source "ChessBase"]
[SourceQuality "1"]

{[%evp 9,57,45,91,86,107,86,142,148,151,139,160,141,244,237,233,235,294,261,296,285,299,294,303,307,329,329,328,318,339,336,406,352,408,391,384,379,547,507,517,441,456,433,542,534,536,533,746,747,754,751]} 1. d4 d5 2. Bf4 Nd7 (2... Nf6 3. e3 g6 4. Nc3 Bg7 5. h4 c6 6. Be2 Qb6 7. Rb1 h5 8. Nf3 Bg4 9. Ne5 Bxe2 10. Qxe2 Nbd7 11. Qf3 Qa6 {0-1 (32) Karjakin,S (2750)-Yu,Y (2752) Saint Louis 2019}) 3. e3 g6 4. c4 c6 5. Nc3 $146 ({Predecessor:} 5. cxd5 cxd5 6. Nc3 e6 7. Bb5 Bg7 8. Nf3 a6 9. Qa4 Ngf6 10. Bd6 Qb6 11. Bc5 {1-0 (31) Dunn,P (1149)-Nakauchi,R (541) Canberra 2010}) 5... dxc4 6. Bxc4 {D00: 1 d4 d5: Unusual lines} Bg7 7. Nf3 Ngf6 {[#]} (7... Nb6 $142 8. Bb3 Nf6) 8. Bxf7+ $1 $16 {[%mdl 512] White is clearly better.} Kxf7 9. Ng5+ Ke8 {Hoping for ...Nb6.} 10. Qb3 {[%csl Gg5][%cal Rb3f7]} Nd5 (10... Nb6 $16) 11. Nxd5 $40 {[%mdl 128] White goes for the king.} cxd5 12. Qxd5 {[%csl Gg5][%cal Rd5f7]} Ne5 13. Qxd8+ Kxd8 14. Bxe5 Bxe5 15. Nf7+ (15. dxe5 $6 Ke8 $18) 15... Kc7 16. Rc1+ ({Much less strong is} 16. Nxe5 Rf8 $18) ({Don't take} 16. dxe5 $6 Rg8 $18) ({Not} 16. Nxh8 Bxh8 17. f3 Kd6 $11) 16... Kb6 17. Nxe5 Be6 18. b3 Rac8 19. Kd2 a6 20. f3 Rxc1 21. Rxc1 {[%mdl 4096] Endgame KRB-KRN} Rd8 22. Kd3 Bd7 (22... Ka7 {was necessary.} 23. e4 Rc8) 23. Nxd7+ {White is clearly winning.} Rxd7 {KR-KR} 24. e4 e6 25. Rc5 Ka7 26. Re5 Rd6 27. h4 h6 28. f4 b5 29. h5 {Accuracy: White = 95%, Black = 16%.} 1-0

[Event "NOR-ch Youth 2019"]
[Site "Skien"]
[Date "2019.11.08"]
[Round "1.4"]
[White "Carlin, Tormod"]
[Black "Fossan, Aleksander"]
[Result "0-1"]
[WhiteElo "1566"]
[BlackElo "2179"]
[Annotator "TA"]
[PlyCount "98"]
[EventDate "2019.11.08"]
[EventType "swiss"]
[EventCountry "NOR"]
[SourceTitle "playchess.com"]
[Source "ChessBase"]
[SourceQuality "1"]

{[%evp 15,97,0,0,7,5,0,0,0,0,0,2,0,10,3,15,0,0,0,8,-28,-23,-21,-10,-19,22,25,18,4,4,0,7,7,18,12,7,0,10,0,9,0,0,0,20,29,31,0,0,0,23,0,0,0,-3,-25,-25,-86,-95,-154,-150,-149,-158,-264,-256,-1588,-1555,-1419,-1441,-1804,-1759,-3468,-2703,-29997,-29989,-29994,-29993,-29993,-29994,-29994,-29994,-29997,-29998,-29998,-29999,-29999]} 1. d4 Nf6 2. Bg5 c5 3. c3 e6 4. Nf3 Be7 5. e3 O-O 6. Bd3 h6 7. Bh4 Nc6 8. Nbd2 d5 9. O-O {D03: 1 d4 d5 2 Nf3 Nf6 3 Bg5, including Torre Attack with early ...d5} b6 10. Bg3 (10. Ne5 Nxe5 11. dxe5 Nd7 12. Bg3 f5 13. exf6 Nxf6 14. Nf3 Bd6 15. Ne5 Qc7 16. Ng6 Rf7 17. Bxd6 Qxd6 18. f4 Bb7 19. Qe2 {½-½ (43) Milov,L (2492)-Melkumyan,H (2678) Bad Wiessee 2014}) 10... Bb7 11. Ne5 {The position is equal.} Nxe5 12. Bxe5 Bd6 13. Nf3 $146 ({Predecessor:} 13. Bxf6 Qxf6 14. f4 Qe7 15. Nf3 f5 16. Qe2 Bc6 {0-1 (54) Trifunovic,P-Kupper,J Zuerich 1954}) 13... Ne4 14. Qe2 Rc8 15. Rac1 Qe7 16. Rfd1 Rfd8 17. Bg3 Nxg3 18. hxg3 Qf6 19. a4 e5 20. dxe5 Bxe5 21. Nxe5 Qxe5 22. Ba6 Qe7 23. Rd2 Rc7 24. Bxb7 Rxb7 25. Rcd1 Rbd7 26. Qf3 {[%cal Rd2d5]} Qe5 27. Rd3 Rd6 28. Qf4 f6 29. b4 Kf7 30. f3 h5 31. Kf2 Qe6 {aiming for ...g5.} 32. g4 hxg4 33. fxg4 Qe5 34. g3 Ke6 35. Rh1 (35. Ke2 $11 {remains equal.}) 35... Qe4 $1 $36 {[%cal Re4d3][%mdl 2048] Black is in control.} 36. Rhd1 {[#]} (36. Qxe4+ $142 dxe4 37. Rxd6+ Rxd6 38. bxc5 bxc5 39. Rh7) 36... g5 $1 {[%cal Rg5f4]} 37. Qf3 {[#]} Ke5 $1 38. a5 (38. Qh1 $17 {might work better.}) 38... Rh8 $19 {( -> ...Rh2+)} 39. Kg2 $2 {[#]} (39. Qxe4+ Kxe4 40. bxc5 bxc5 41. R3d2) 39... Rh2+ $1 {[%mdl 576] Deflection} 40. Kxh2 Qxf3 41. c4 cxb4 42. axb6 axb6 43. cxd5 Rxd5 {Black mates.} 44. Rf1 Qe2+ 45. Kg1 Rxd3 46. Rf5+ {[#]} Ke6 $1 47. Rf1 Rd2 {[%csl Gd2][%cal Re2h2]} 48. Rxf6+ Kxf6 {[%csl Gd2][%cal Re2g2]} 49. Kh1 Rd1# {Accuracy: White = 45%, Black = 61%.} 0-1

[Event "NOR-ch Youth 2019"]
[Site "Skien"]
[Date "2019.11.08"]
[Round "1.5"]
[White "Unhjem, Bjorn Robert Lovoll"]
[Black "Lindalen, Daniel"]
[Result "1-0"]
[WhiteElo "1942"]
[BlackElo "1472"]
[Annotator "NA RC"]
[PlyCount "59"]
[EventDate "2019.11.08"]
[EventType "swiss"]
[EventCountry "NOR"]
[SourceTitle "playchess.com"]
[Source "ChessBase"]
[SourceQuality "1"]
[TimeControl "2400+10"]

1. Nf3 {[%emt 0:00:00]} Nf6 {[%emt 0:00:00]} 2. g3 {[%emt 0:00:00]} d5 {[%emt 0:00:03]} 3. Bg2 {[%emt 0:00:00]} e6 {[%emt 0:00:14]} 4. d4 {[%emt 0:00:08]} Be7 {[%emt 0:00:42]} 5. O-O {[%emt 0:00:10]} O-O {[%emt 0:00:06]} 6. c4 {[%emt 0:00:12]} Nbd7 {[%emt 0:00:54]} 7. Nc3 {[%emt 0:00:43]} b6 {[%emt 0:02:28]} 8. cxd5 {[%emt 0:01:20]} Nxd5 {[%emt 0:01:01]} 9. e4 {[%emt 0:01:19]} Nxc3 {[%emt 0:00:55]} 10. bxc3 {[%emt 0:00:02]} Bb7 {[%emt 0:01:20]} 11. Qc2 {[%emt 0:00:17]} c5 {[%emt 0:00:35] E18: Queen's Indian: Old Main Line (4 g3 Bb7 5 Bg2 Be7 6 0-0 0-0 7 Nc3)} 12. Bf4 {[%emt 0:01:47]} (12. Qe2 cxd4 13. cxd4 Nf6 14. e5 Nd5 15. h4 h6 16. Bd2 Rc8 17. Rfc1 Qd7 18. Nh2 Qa4 19. Be3 {0-1 (43) Le,Q (2583)-Kravtsiv,M (2549) Beijing 2008}) 12... cxd4 {[%emt 0:01:49]} 13. cxd4 {[%emt 0:00:03]} Nf6 $146 {[%emt 0:01:08]} ({Predecessor:} 13... Rc8 14. Qb1 g5 15. Be3 g4 16. Nd2 {1-0 (27) Golcman,E (2221)-Serakova,T (1661) Marianske Lazne 2016}) 14. Rfe1 {[%emt 0:00:52]} Qd7 {[%emt 0:01:59]} 15. Rad1 {[%emt 0:03:05]} Rac8 {[%emt 0:01:27]} 16. Qd3 {[%emt 0:00:02]} Rfd8 {[%emt 0:00:49]} 17. h4 {[%emt 0:04:53]} Qa4 {[%emt 0:03:59]} 18. Bg5 {[%emt 0:00:04]} Rc2 $2 {[%emt 0:02:14]} ({Inferior is} 18... Qxa2 19. Ra1 $16) ({Black should try} 18... Bb4 $17 19. Nd2 Rc3) 19. e5 {[%emt 0:00:11]} Nd5 {[%emt 0:00:39]} 20. Bxe7 {[%emt 0:00:03]} Nxe7 {[%emt 0:00:12]} 21. Ng5 $1 {[%emt 0:00:02] Discovered Attack} Bxg2 {[%emt 0:06:00]} 22. Qxh7+ {[%emt 0:00:04]} ({Weaker is} 22. Kxg2 Nf5 $17) 22... Kf8 {[%emt 0:00:04]} 23. Kxg2 {[%emt 0:00:16]} Nf5 {[%emt 0:03:32]} 24. Qh5 {[%emt 0:04:02]} Qc6+ $2 {[%emt 0:01:46]} (24... Nh6 25. Qf3 Ke7) 25. Kg1 $2 {[%emt 0:00:32]} (25. d5 {[%csl Gg5][%cal Rh5f7]} Qb7 26. Qh8+ Ke7 $14) 25... Qb7 $2 {[%emt 0:01:30] [#]} (25... Nh6 26. Re4 Kg8) 26. d5 $18 {[%emt 0:01:32]} g6 {[%emt 0:03:57]} 27. Qh8+ {[%emt 0:00:02]} Ke7 {[%emt 0:00:04]} 28. Qf6+ {[%emt 0:00:03]} Ke8 {[%emt 0:00:29]} 29. dxe6 {[%emt 0:00:07]} Rxd1 {[%emt 0:01:09]} 30. exf7+ {[%emt 0:01:03]} 1-0

[Event "NOR-ch Youth 2019"]
[Site "Skien"]
[Date "2019.11.08"]
[Round "1.6"]
[White "Rosendahl, Guttorm"]
[Black "Holand, Per Fredrik"]
[Result "0-1"]
[WhiteElo "1436"]
[BlackElo "1927"]
[Annotator "NA RC"]
[PlyCount "58"]
[EventDate "2019.11.08"]
[EventType "swiss"]
[EventCountry "NOR"]
[SourceTitle "playchess.com"]
[Source "ChessBase"]
[SourceQuality "1"]
[TimeControl "2400+10"]

1. d4 {[%emt 0:00:00]} Nf6 {[%emt 0:00:00]} 2. c4 {[%emt 0:00:00]} e6 {[%emt 0:00:00]} 3. Bg5 {[%emt 0:00:03]} h6 {[%emt 0:01:29]} 4. Bh4 {[%emt 0:00:06]} Bb4+ {[%emt 0:00:19]} 5. Nc3 {[%emt 0:00:35]} c5 {[%emt 0:00:20]} 6. a3 {[%emt 0:00:45]} Bxc3+ {[%emt 0:01:01]} 7. bxc3 {[%emt 0:00:04]} Qa5 {[%emt 0:01:25] E30: Nimzo-Indian: Leningrad Variation} 8. Qc2 {[%emt 0:01:55]} (8. Qd3 Ne4 9. Rc1 Qxa3 10. Kd1 d5 11. f3 Nd6 12. cxd5 exd5 13. Qe3+ Be6 14. Qe5 Nf5 15. Bf2 {0-1 (24) Nichlos,A (1628)-David,A (2534) Agios Ioannis 2019}) 8... cxd4 {[%emt 0:00:25]} 9. Nf3 $146 {[%emt 0:02:50]} ({Predecessor:} 9. Bxf6 gxf6 10. e4 dxe3 11. fxe3 b6 12. Nf3 Bb7 13. Be2 Na6 14. O-O Rg8 15. g3 f5 16. Rfd1 Nc5 17. Ne5 Ne4 18. Bf3 Qxe5 {0-1 (18) Secondi,A (1596)-Czerniawski,A ICCF email 2013}) 9... Qxc3+ {[%emt 0:00:41]} 10. Qxc3 {[%emt 0:00:06]} dxc3 {[%emt 0:00:05]} 11. Bxf6 {[%emt 0:00:50]} gxf6 {[%emt 0:00:06]} 12. Rc1 {[%emt 0:00:13]} Nc6 {[%emt 0:00:14]} 13. e3 {[%emt 0:00:39]} b6 {[%emt 0:00:18]} 14. Rxc3 {[%emt 0:01:48]} d6 {[%emt 0:00:08]} 15. Bd3 {[%emt 0:05:43]} Ba6 {[%emt 0:01:31]} 16. O-O {[%emt 0:02:38]} Rc8 {[%emt 0:00:34]} 17. Rd1 {[%emt 0:03:17]} Ne5 {[%emt 0:01:27]} 18. Nxe5 {[%emt 0:00:47]} fxe5 {[%emt 0:00:09]} 19. Be2 {[%emt 0:00:46]} Ke7 {[%emt 0:00:15]} 20. Rdc1 {[%emt 0:04:10]} Rc5 {[%emt 0:00:39]} 21. e4 {[%emt 0:00:33]} Rhc8 {[%emt 0:00:15]} 22. a4 {[%emt 0:00:10]} d5 {[%emt 0:00:39]} 23. exd5 {[%emt 0:05:11]} exd5 {[%emt 0:00:05]} 24. Kf1 {[%emt 0:00:35]} Bxc4 {[%emt 0:00:14]} 25. Bxc4 {[%emt 0:00:40]} Rxc4 {[%emt 0:00:03]} 26. Rxc4 {[%emt 0:00:16]} Rxc4 {[%emt 0:00:02]} 27. Ra1 {[%emt 0:00:01]} Rc5 {[%emt 0:01:12]} 28. Ke2 {[%emt 0:00:40]} Ra5 {[%emt 0:00:02]} 29. Kd3 {[%emt 0:02:41]} b5 $19 {[%emt 0:00:05] Kd4} 0-1

[Event "NOR-ch Youth 2019"]
[Site "Skien"]
[Date "2019.11.08"]
[Round "1.7"]
[White "Stolp, Aleksander"]
[Black "Sjoberg, Isak"]
[Result "0-1"]
[WhiteElo "1593"]
[BlackElo "2247"]
[Annotator "TA"]
[PlyCount "112"]
[EventDate "2019.11.08"]
[EventType "swiss"]
[EventCountry "NOR"]
[SourceTitle "playchess.com"]
[Source "ChessBase"]
[SourceQuality "1"]

{[%evp 22,111,0,-3,-8,-29,43,6,35,-12,32,4,10,10,78,8,116,116,123,76,123,112,161,172,231,238,239,243,235,252,233,234,262,167,215,188,250,237,223,221,403,398,648,391,402,403,566,558,622,622,606,597,530,472,456,408,429,308,275,155,156,106,93,101,87,97,89,77,94,27,40,24,30,0,35,0,57,12,12,0,63,56,30,0,-11,-23,0,-29997,-29998,-29998,-29999,-29999]} 1. d4 Nf6 2. Bf4 g6 3. e3 Bg7 4. h3 O-O 5. Nf3 d6 6. Be2 Nbd7 7. O-O b6 8. c4 Bb7 9. Nc3 Re8 10. Qc2 e5 11. Bh2 exd4 12. exd4 Ne4 {E61: King's Indian: Early deviations for White, including Smyslov System} 13. Rfe1 (13. Nd5 Ndf6 14. Nf4 h5 15. Nd3 Nh7 16. d5 Bc8 17. Nb4 Qf6 18. Qa4 Bf5 19. Rae1 Nc5 20. Qc6 Qd8 {0-1 (20) Hamitevici,V (2440)-Jones,G (2644) England 2013}) 13... f5 $146 (13... Nxc3 $11 14. bxc3 a5) ({Predecessor:} 13... Nxc3 14. bxc3 Nf6 15. a4 a5 16. Nd2 Re7 17. Bf3 Rxe1+ 18. Rxe1 Bxf3 19. Nxf3 Qd7 20. Qb3 {1-0 (39) Winants,L (2535)-Pruijssers,R (2487) Netherlands 2010}) 14. Rad1 (14. c5 $5) 14... Ndf6 {The position is equal.} 15. Nd2 Ng5 16. Qd3 Nfe4 17. Ndxe4 fxe4 (17... Nxe4 $11 {keeps the balance.} 18. Bf3 Nxc3 19. Qxc3 Bxf3 20. Qxf3 Qf6) 18. Qc2 (18. Qd2 $16) 18... h5 (18... e3 $11 19. Bf1 exf2+ 20. Qxf2 Ne4 21. Nxe4 Bxe4) 19. Bf1 $16 Qe7 20. Bf4 Ne6 21. Be3 c5 {[%cal Rc5d4]} 22. d5 Nf8 (22... Bxc3 $142 23. Qxc3 Ng7) 23. Bd2 $18 Bxc3 24. Bxc3 (24. Qxc3 $6 Qg7) 24... Bc8 25. Qd2 Bf5 26. Qh6 {Qh8+ would kill now.} Qh7 27. Qg5 Qf7 28. Be2 ({Resist} 28. Qh6 Nh7) 28... Qe7 (28... e3 {keeps fighting.} 29. Rf1 (29. fxe3 Qe7 $16) 29... Nh7) 29. Qf4 $40 {[%mdl 128] Black is in trouble.} Nh7 30. Bxh5 {aiming for Rd3!} Rf8 $2 (30... Qg5 31. Qxg5 Nxg5) 31. Bg4 Ng5 $2 (31... Qf7 32. Bxf5 Qxf5 33. Qxe4 Qxe4 34. Rxe4 Rae8) 32. Bd2 Nh7 33. Bxf5 gxf5 (33... Rxf5 {is a better defense.} 34. Qh6 Rf6) 34. Re3 Rf7 35. Bc3 Kf8 36. Rg3 Ke8 37. Rg8+ Nf8 38. Re1 Kd7 39. Qh6 Re8 40. Rg7 (40. b3 $18) 40... Rxg7 $16 41. Qxg7 Qxg7 42. Bxg7 {[%mdl 4096] Endgame KRB-KRN} Ng6 43. g3 Rg8 44. Bc3 Nf4 45. Kh2 (45. h4 $16) 45... Nd3 $11 {[%mdl 64] [#] Double Attack} 46. Re2 Nc1 47. Re1 Nd3 {[%mdl 64] Double Attack} 48. Re2 a6 (48... Nc1 $11 49. Re1 Nd3 {[%mdl 64] Double Attack}) 49. a3 b5 50. b3 {[%cal Bb2b3,Bb3c4][%mdl 32]} bxc4 ({Black should try} 50... Nc1 $11 51. Rb2 Nd3) 51. bxc4 $14 Rb8 52. Ra2 Rb3 53. Bf6 Rb1 54. Kg2 $2 {[%mdl 8192] [#]} (54. h4 $11) 54... Ne1+ {Black mates.} 55. Kf1 Nf3+ 56. Ke2 Re1# {Accuracy: White = 43%, Black = 39%.} 0-1

[Event "NOR-ch Youth 2019"]
[Site "Skien"]
[Date "2019.11.08"]
[Round "1.8"]
[White "Vitenberg, Noam Aviv"]
[Black "Eiding, Amanda Mai Irgens"]
[Result "1-0"]
[WhiteElo "2246"]
[BlackElo "1585"]
[Annotator "TA"]
[PlyCount "53"]
[EventDate "2019.11.08"]
[EventType "swiss"]
[EventCountry "NOR"]
[SourceTitle "playchess.com"]
[Source "ChessBase"]
[SourceQuality "1"]

{[%evp 17,53,17,18,18,65,65,52,52,63,61,60,69,69,14,113,112,243,235,385,376,397,416,400,403,402,385,1506,897,1630,615,630,617,945,943,12835,12816,1975,647]} 1. d4 Nf6 2. c4 e6 3. Nc3 Bb4 4. Qc2 c5 5. dxc5 Bxc5 6. Nf3 O-O 7. Bf4 b6 8. e3 Bb7 9. Be2 d5 10. O-O {D37: Queen's Gambit Declined: 5 Bf4} (10. Rd1 Qc8 11. cxd5 Nxd5 12. Ng5 g6 13. Nxd5 Bxd5 14. O-O Be7 15. Qd3 Qd8 16. Nxh7 Kxh7 17. e4 Bf6 18. exd5 e5 19. Qh3+ Kg8 20. Bh6 Bg7 21. f4 e4 22. f5 Nd7 23. fxg6 fxg6 24. Bg4 {1-0 (24) Vera Gonzalez Quevedo,R (2562)-Tissir,M (2364) Ubeda 2001}) 10... Bd6 $146 ({Predecessor:} 10... Nbd7 11. Rfd1 Qe7 12. Ne5 Rfd8 13. a3 Nxe5 14. Bxe5 dxc4 15. Bxc4 Rxd1+ 16. Rxd1 Rd8 17. Na4 Bd6 18. Bxd6 Rxd6 {½-½ (43) Jugelt,T (2431)-Kiese,M (2236) Germany 2003}) 11. Bxd6 Qxd6 12. Rfd1 {White is slightly better.} Qe7 13. cxd5 Nxd5 14. Nxd5 Bxd5 15. Ne5 ({Better is} 15. Rac1 $14) 15... Qb7 (15... Qg5 $11 16. Nf3 Qe7) 16. Rac1 $36 {[%mdl 2048] Black is under strong pressure.} Na6 {[#]} (16... a5 $16) 17. e4 $1 $18 {Strongly threatening Bxa6.} Rfc8 (17... Rac8 $142 18. Qb1 Rxc1 19. Rxc1 f6) 18. Qb1 f6 19. exd5 fxe5 20. dxe6 {Threatens to win with Rd7.} Nc5 21. b4 Na6 $2 (21... Nxe6 22. Bf3 Qf7 23. Bxa8 Rxa8) 22. Bf3 {White is clearly winning.} Rxc1 23. Bxb7 (23. Qxc1 $142 Qc7 24. Bxa8 Qxc1 25. Rxc1) 23... Rxb1 24. Rxb1 Nc7 25. Bxa8 Nxa8 26. Rc1 {[%cal Rc1c8] [#]} Kf8 27. b5 {Played: Rc1-c8} 1-0

[Event "NOR-ch Youth 2019"]
[Site "Skien"]
[Date "2019.11.08"]
[Round "1.9"]
[White "Morad, Haider M"]
[Black "Melaa, Sondre"]
[Result "0-1"]
[WhiteElo "1584"]
[BlackElo "2234"]
[Annotator "TA"]
[PlyCount "50"]
[EventDate "2019.11.08"]
[EventType "swiss"]
[EventCountry "NOR"]
[SourceTitle "playchess.com"]
[Source "ChessBase"]
[SourceQuality "1"]

{[%evp 25,66,26,18,0,0,-9,-9,-175,-168,-239,-243,-229,-202,-197,-180,-269,-274,-331,-306,-409,-408,-430,-429,-426,-418,-409,-407,-412,-410,-425,-411,-420,-405,-472,-462,-500,-498,-630,-618,-1167,-1131,-4118,-3115]} 1. e4 e5 2. Nf3 Nc6 3. d4 exd4 4. Nxd4 Nf6 5. Nc3 Bb4 6. Nxc6 bxc6 7. Bd3 d5 8. exd5 cxd5 9. O-O O-O 10. Bg5 c6 11. Qf3 h6 12. Bxf6 Qxf6 13. Qxf6 gxf6 14. a3 {C47: Scotch Four Knights and Four Knights with 4 g3} (14. Ne2 Bd6 15. Rad1 Bg4 16. h3 Bxe2 17. Bxe2 Rab8 18. b3 Rfe8 19. Bg4 Re7 20. Rfe1 Rxe1+ 21. Rxe1 Rd8 22. Kf1 Kf8 {½-½ (30) Rapport,R (2736)-Leko,P (2674) Hengshui 2019}) 14... Bd6 15. Rfe1 Rb8 16. b4 $2 (16. Rab1 $11 {and White has nothing to worry.}) 16... Be5 $19 17. Rxe5 $146 (17. Ne2 $142) ({Predecessor:} 17. Ne2 Bxa1 18. Rxa1 Re8 19. Ng3 Kf8 {½-½ (38) Kaupat,T (1457)-Tanabe,K ICCF email 2015}) 17... fxe5 18. Na4 Ra8 19. f3 a5 {Strongly threatening ...axb4.} 20. Nb6 (20. b5 {was the only defense.}) 20... Ra7 21. bxa5 Rxa5 22. a4 Be6 23. c4 Rb8 24. c5 Rxc5 25. a5 {[#]} Rb7 {Played: Rc5xa5} 0-1

[Event "NOR-ch Youth 2019"]
[Site "Skien"]
[Date "2019.11.08"]
[Round "1.10"]
[White "Wasa-Schrader, Adam"]
[Black "Abdrlauf, Elham"]
[Result "0-1"]
[WhiteElo "1429"]
[BlackElo "2244"]
[Annotator "TA"]
[PlyCount "42"]
[EventDate "2019.11.08"]
[EventType "swiss"]
[EventCountry "NOR"]
[SourceTitle "playchess.com"]
[Source "ChessBase"]
[SourceQuality "1"]

{[%evp 17,41,-6,23,0,12,0,-18,-41,-10,-91,-79,-88,-89,-451,-437,-431,-364,-29993,-233,-29994,-29995,-29996,-29997,-29997,-29998,-29999]} 1. d4 Nf6 2. c4 c5 3. e3 cxd4 4. exd4 d5 5. Nf3 g6 6. Nc3 Bg7 7. Be2 O-O 8. O-O dxc4 9. Bxc4 b6 10. Bf4 {D94: Grünfeld: 4 Nf3 Bg7 5 e3} (10. Ne5 Bb7 11. Qb3 e6 12. Rd1 Qe7 13. Re1 Nfd7 14. Nxd7 Qxd7 15. d5 exd5 16. Nxd5 Bxd5 17. Bxd5 Nc6 18. Qb5 Rac8 19. Be3 Rfd8 20. Rad1 Nd4 {½-½ (20) Carlstedt,J (2383)-Gordon,S (2556) Germany 2013}) 10... Bb7 11. Re1 Nc6 12. Bb3 $146 {The position is equal.} ({Predecessor:} 12. a3 Rc8 13. Ba2 Na5 14. Rc1 e6 15. Bg5 h6 16. Bxf6 Bxf6 17. Ne5 Bxe5 18. dxe5 {0-1 (26) Skrabakova,K (2031)-Janko,M (2247) Slovakia 2017}) 12... Rc8 13. Qe2 (13. a4 $11) 13... Nxd4 $17 14. Nxd4 Qxd4 15. Qxe7 $2 {[%mdl 8192] [#]} (15. Bg3 $17 {is a better chance.}) 15... Qxf4 $19 16. Qxb7 Ng4 $1 {[%csl LRc3,LRf2,LRh2][%mdl 64] Double Attack} 17. h3 $2 (17. Qf3 $19 Qxh2+ 18. Kf1 Qh1+ 19. Ke2 Rce8+ 20. Ne4) 17... Qxf2+ 18. Kh1 {[#] intending Ne4.} Qg3 $1 {[%csl Gg4][%cal Rg3h2] Black mates.} 19. hxg4 Qh4+ 20. Kg1 Bd4+ 21. Kf1 Qf2# {Accuracy: White = 22%, Black = 85%.} 0-1